| 000 | 01266nam a22003731i 4500 | ||
|---|---|---|---|
| 001 | 016485519 | ||
| 003 | EG-ScBUE | ||
| 005 | 20220719105228.0 | ||
| 008 | 150120t2014 enka f b 001 0 eng d | ||
| 020 | _a9781292023229 (paperback) | ||
| 040 |
_aStDuBDS _beng _erda _cStDuBDS _dEG-ScBUE |
||
| 082 | 0 | 4 |
_a351 _222 _bSHA |
| 100 | 1 | 0 |
_aShafritz, Jay M., _eauthor. _933951 |
| 245 | 1 | 0 |
_aIntroducing public administration / _cShafritz, Russell, Borick. |
| 250 | _aEighth edition. | ||
| 250 | _aPearson new international edition. | ||
| 264 | 1 |
_aHarlow, Essex : _bPearson, _c[2014] |
|
| 264 | 4 | _c©2014 | |
| 300 |
_a550 pages : _billustrations (colour) ; _c28 cm. |
||
| 336 |
_atext _2rdacontent _btxt |
||
| 336 |
_astill image _2rdacontent _btxt |
||
| 337 |
_aunmediated _2rdamedia _bn |
||
| 338 |
_avolume _2rdacarrier _bnc |
||
| 490 | 0 | _aPearson custom library | |
| 504 | _aIncludes bibliographical references and index. | ||
| 650 | 7 |
_aPublic administration. _2BUEsh |
|
| 653 |
_bBUSADM _cJuly2022 |
||
| 655 |
_vReading book _934232 |
||
| 700 | 1 |
_aRussell, E. W. _q(Edward W.), _eauthor. |
|
| 700 | 1 |
_aBorick, Christopher P., _eauthor. _933954 |
|
| 942 |
_2ddc _cBB |
||
| 999 |
_c29891 _d29862 |
||